[Event "Skakligaen 2025-26"]
[Site "Denmark"]
[Date "2025.12.14"]
[Round "4.5"]
[White "Carstensen, Jacob"]
[Black "Jensen, Tobias Ilsoe"]
[Result "1-0"]
[WhiteElo "2301"]
[BlackElo "2185"]
[EventDate "2025.11.01"]
[EventType "team-tourn"]
[EventRounds "9"]
[EventCountry "DEN"]
[SourceTitle "Holdskaksystemet"]
[WhiteTeam "Bronshoj"]
[BlackTeam "Frem"]
[WhiteTeamCountry "DEN"]
[BlackTeamCountry "DEN"]

1. e4 c5 2. Nf3 d6 3. d4 cxd4 4. Nxd4 Nf6 5. Nc3 a6 6. f3 e5 7. Nb3 Be6 8. Be3 Be7 9. Qd2 O-O 10. O-O-O Nbd7 11. g4 b5 12. g5 b4 13. Na4 Nh5 14. Kb1 a5 15. Bb5 Rb8 16. Bc6 Qc7 17. Bd5 Rfc8 18. c4 bxc3 19. Qxc3 Qxc3 20. Nxc3 Nb6 21. Rc1 Nxd5 22. Nxd5 Bd8 23. Nd2 Kf8 24. Rxc8 Rxc8 25. Rc1 Rxc1+ 26. Kxc1 Ke8 27. Nc4 Kd7 28. a4 Nf4 29. Ndb6+ Bxb6 30. Nxb6+ Kc6 31. Kd2 Bb3 32. Kc3 Bd1 33. Nc4 Bxf3 34. Nxa5+ Kc7 35. Bxf4 exf4 36. Kd3 Bd1 37. b3 Kb6 38. Kd2 Bf3 39. Nc4+ Kc5 40. e5 dxe5 41. Nxe5 Bd5 42. Kc3 f3 43. Nd3+ Kb6 44. b4 Be6 45. Kd2 Bb3 46. Nc5 Bd5 47. Nd7+ Kc6 48. Ne5+ Kb6 49. Ke3 Bb3 50. Kxf3 Bxa4 51. Nxf7 Kb5 52. Nd6+ Kxb4 53. Nf5 g6 54. Ne7 Kc5 55. Ng8 Kd5 56. Nf6+ Ke6 57. Nxh7 Kf7 58. Kf4 Kg7 59. Nf6 Bd1 60. Ke5 Kf7 61. Ne4 Bb3 62. h4 Ba2 63. Kd6 Bb1 64. Nc5 Bc2 65. Nd7 Bb1 66. Ne5+ Kg7 67. Ke7 Bc2 68. Ng4 Bd3 69. Nf6 Bc2 70. Ne8 Kh7 71. Kf6 Ba4 72. Nc7 Bc2 73. Ne6 Kg8 74. Nd4 Bd3 75. Nf3 Kh7 76. Ne5 Bc2 77. Kf7 Bb3+ 78. Kf8 Bc2 79. Nd7 Bb3 80. Nf6+ Kh8 81. h5 Bc2 82. h6 Bb3 83. Ke7 Bc2 84. Nd7 Kh7 85. Nf8 Kg8 86. Kf6 Kh8 87. Nxg6+ Kh7 88. Nf8+ Kg8 89. g6 Bxg6 90. Kxg6 Kh8 91. Ne6 Kg8 92. Ng5 Kh8 93. Nf7+ 1-0

[Event "Skakligaen 2025-26"]
[Site "Denmark"]
[Date "2025.12.14"]
[Round "4.6"]
[White "Ostergreen Johansen, Torben"]
[Black "Hoi, Carsten"]
[Result "0-1"]
[WhiteElo "2136"]
[BlackElo "2272"]
[EventDate "2025.11.01"]
[EventType "team-tourn"]
[EventRounds "9"]
[EventCountry "DEN"]
[SourceTitle "Holdskaksystemet"]
[WhiteTeam "Frem"]
[BlackTeam "Bronshoj"]
[WhiteTeamCountry "DEN"]
[BlackTeamCountry "DEN"]

1. e4 g6 2. d4 Bg7 3. Nc3 d6 4. Be3 Nc6 5. h3 e5 6. Nf3 exd4 7. Nxd4 Bd7 8. Be2 Nf6 9. O-O O-O 10. f4 Nxe4 11. Nxe4 Re8 12. Bf3 d5 13. c3 dxe4 14. Be2 Nxd4 15. Bxd4 Bc6 16. f5 Bxd4+ 17. cxd4 e3 18. fxg6 hxg6 19. Rf4 Re4 20. Qf1 Qe7 21. Rd1 Bd5 22. b3 Re8 23. Rd3 Qg5 24. Rxe4 Rxe4 25. g4 Rf4 26. Qc1 Qh4 27. Qxe3 Qe1+ 0-1

[Event "Skakligaen 2025-26"]
[Site "Denmark"]
[Date "2025.12.14"]
[Round "4.7"]
[White "Palm, Nikolaj"]
[Black "Nilssen, Ellen Fredericia"]
[Result "1/2-1/2"]
[WhiteElo "2272"]
[BlackElo "2142"]
[EventDate "2025.11.01"]
[EventType "team-tourn"]
[EventRounds "9"]
[EventCountry "DEN"]
[SourceTitle "Holdskaksystemet"]
[WhiteTeam "Bronshoj"]
[BlackTeam "Frem"]
[WhiteTeamCountry "DEN"]
[BlackTeamCountry "DEN"]

1. d4 d5 2. c4 e6 3. Nc3 Nf6 4. Nf3 Be7 5. Bf4 O-O 6. e3 c5 7. dxc5 Bxc5 8. a3 Nc6 9. Rc1 Bd6 10. Bxd6 Qxd6 11. cxd5 exd5 12. Be2 a6 13. O-O Be6 14. Qd3 Rad8 15. Rfd1 Qd7 16. Na4 Ne4 17. Nc5 Nxc5 18. Rxc5 Rfe8 19. Qc3 Rc8 20. Rc1 Ne7 21. Qb4 Rxc5 22. Rxc5 Rc8 23. h3 Nc6 24. Qb6 h6 25. b4 Ra8 26. Rc1 Qe7 27. Qc5 Qxc5 28. Rxc5 Kf8 29. Bd1 Rc8 30. Bb3 Ne7 31. Rxc8+ Nxc8 32. Kf1 Ke7 33. Ke2 Kd6 34. Kd3 Ne7 35. Nd4 Bd7 36. h4 Ng6 37. g3 Ne5+ 38. Ke2 Ng4 39. f3 Ne5 40. f4 Bg4+ 41. Kd2 Nf3+ 42. Nxf3 Bxf3 43. Kc3 b6 44. Kd4 f6 45. Bc2 Bg4 1/2-1/2

[Event "Skakligaen 2025-26"]
[Site "Denmark"]
[Date "2025.12.14"]
[Round "4.8"]
[White "Wiecker, Stefan"]
[Black "Andreasen, Henrik"]
[Result "0-1"]
[WhiteElo "2119"]
[BlackElo "2181"]
[EventDate "2025.11.01"]
[EventType "team-tourn"]
[EventRounds "9"]
[EventCountry "DEN"]
[SourceTitle "Holdskaksystemet"]
[WhiteTeam "Frem"]
[BlackTeam "Bronshoj"]
[WhiteTeamCountry "DEN"]
[BlackTeamCountry "DEN"]

1. e4 e6 2. d4 d5 3. Nc3 Nf6 4. Bg5 Bb4 5. e5 h6 6. Bd2 Bxc3 7. bxc3 Ne4 8. Qg4 Kf8 9. h4 c5 10. Bd3 Nxd2 11. Kxd2 c4 12. Bf1 Nc6 13. Rh3 Bd7 14. Rg3 Rg8 15. Ne2 Ne7 16. Rf3 Nf5 17. Nf4 g6 18. h5 Qg5 19. Qxg5 hxg5 20. Nxg6+ fxg6 21. g4 gxh5 22. gxf5 exf5 23. Rh3 Rh8 24. Bg2 f4 25. Rh2 Be6 26. Rah1 h4 27. Rg1 Ke7 28. Bh3 Bxh3 29. Rxh3 Rag8 30. f3 Ke6 31. Rg4 Kf5 32. a3 Rg6 33. Kc1 Rhh6 34. Rh1 h3 35. Rh2 Rh5 36. Rh1 Ra6 37. Kb2 h2 38. Rg2 Rah6 39. Kc1 Rh3 40. Rf2 Rxf3 41. Rhxh2 Rxh2 42. Rxh2 Rxc3 43. Rh7 Re3 44. Kd2 c3+ 45. Kd1 f3 46. Rxb7 Kg4 0-1

[Event "Skakligaen 2025-26"]
[Site "Denmark"]
[Date "2025.12.14"]
[Round "4.1"]
[White "Andersen, Mads"]
[Black "Kanov, Nikola Krasimirov"]
[Result "0-1"]
[WhiteElo "2555"]
[BlackElo "2422"]
[EventDate "2025.11.01"]
[EventType "team-tourn"]
[EventRounds "9"]
[EventCountry "DEN"]
[SourceTitle "Holdskaksystemet"]
[WhiteTeam "Skanderborg"]
[BlackTeam "Fredericia"]
[WhiteTeamCountry "DEN"]
[BlackTeamCountry "DEN"]

1. d4 Nf6 2. c4 e6 3. Nf3 b6 4. g3 Ba6 5. Qb3 Nc6 6. Nbd2 Be7 7. e4 O-O 8. d5 exd5 9. cxd5 Na5 10. Qa4 Bxf1 11. Kxf1 Re8 12. Kg2 c5 13. Re1 d6 14. Qc2 Nd7 15. Nf1 b5 16. Ne3 Rc8 17. Nf5 Bf8 18. Bf4 Qb6 19. b3 Nb7 20. Re2 f6 21. h4 g6 22. Nh6+ Bxh6 23. Bxh6 Nd8 24. Bc1 Nf7 25. h5 g5 26. Bb2 Nfe5 27. Nxe5 fxe5 28. Re3 Re7 29. Rf3 h6 30. Rf1 Qb8 31. Qe2 Rg7 32. Rf5 Rf8 33. Rxf8+ Nxf8 34. Bc1 Qe8 35. Rh1 Nh7 36. Qg4 Rf7 37. Be3 Nf6 38. Qf5 Kh8 39. Qg6 Qf8 40. f3 Ng8 41. Qe6 Rxf3 42. Re1 a6 43. Re2 Rf6 44. Qg4 Rf7 45. Qe6 Rf6 46. Qg4 Qe8 47. Bd2 Rf8 48. Rf2 Rxf2+ 49. Kxf2 Nf6 50. Qf3 Kg7 51. g4 Qc8 52. Kg3 Kf7 53. b4 cxb4 54. Bxb4 Qd7 55. Kh3 Ke7 56. Kg3 Ne8 57. Qc3 Kf7 58. Kh3 Nf6 59. Qf3 Kg7 60. Kg3 Ne8 61. Bd2 Qc8 62. Ba5 Nf6 63. a3 Qc2 64. Bd8 Nxe4+ 65. Kh3 Nf2+ 66. Kg3 Ne4+ 67. Kh3 Qc3 68. Qxc3 Nxc3 69. Bc7 Ne4 70. Kg2 Kf6 71. Kf3 Nd2+ 72. Ke2 Nc4 73. Kd3 Ke7 0-1

[Event "Skakligaen 2025-26"]
[Site "Denmark"]
[Date "2025.12.14"]
[Round "4.2"]
[White "Fries Nielsen, Jens Ove"]
[Black "Olsen, Filip Boe"]
[Result "1-0"]
[WhiteElo "2273"]
[BlackElo "2466"]
[EventDate "2025.11.01"]
[EventType "team-tourn"]
[EventRounds "9"]
[EventCountry "DEN"]
[SourceTitle "Holdskaksystemet"]
[WhiteTeam "Fredericia"]
[BlackTeam "Skanderborg"]
[WhiteTeamCountry "DEN"]
[BlackTeamCountry "DEN"]

1. e4 c5 2. Nf3 d6 3. d4 cxd4 4. Qxd4 Nc6 5. Bb5 a6 6. Bxc6+ bxc6 7. e5 f6 8. exd6 e5 9. Qa4 Qb6 10. Be3 Qb5 11. Nc3 Qxa4 12. Nxa4 Bxd6 13. O-O-O Bc7 14. Nd2 Ne7 15. Ne4 Be6 16. Bb6 Bxb6 17. Nxb6 Rb8 18. Nd6+ Kf8 19. Na4 Nd5 20. c4 Ke7 21. Ne4 Nf4 22. b3 Ne2+ 23. Kd2 Nd4 24. Kc3 Rhd8 25. Rd2 Bf5 26. Nec5 a5 27. f4 Ne6 28. fxe5 Rxd2 29. Kxd2 fxe5 30. Re1 Rd8+ 31. Kc3 Nf4 32. g3 Nd3 33. Re3 Nf2 34. Nb2 g6 35. Rxe5+ Kf6 36. Re2 Nd1+ 37. Nxd1 Rxd1 38. Nb7 a4 39. bxa4 Rc1+ 40. Kd4 Be6 41. Na5 h5 42. Kc5 g5 43. Rf2+ Kg6 44. Kxc6 h4 45. gxh4 gxh4 46. c5 h3 47. Kd6 Bg4 48. Nc6 Kg5 49. a5 Rg1 50. a6 Rg2 51. a7 Rxf2 52. a8=Q Rxh2 53. Ne5 Rd2+ 54. Ke7 h2 55. Qe4 Bh5 56. c6 Re2 57. Qd5 Kf5 58. Kd6 Rd2 59. Qxd2 h1=Q 60. c7 Qb7 61. Qc2+ Kf6 62. Nd7+ Kg7 63. c8=Q Qb4+ 64. Q8c5 1-0

[Event "Skakligaen 2025-26"]
[Site "Denmark"]
[Date "2025.12.14"]
[Round "4.3"]
[White "Pedersen, Nicolai Vesterbaek"]
[Black "Light, Bjarne"]
[Result "1-0"]
[WhiteElo "2352"]
[BlackElo "2224"]
[EventDate "2025.11.01"]
[EventType "team-tourn"]
[EventRounds "9"]
[EventCountry "DEN"]
[SourceTitle "Holdskaksystemet"]
[WhiteTeam "Skanderborg"]
[BlackTeam "Fredericia"]
[WhiteTeamCountry "DEN"]
[BlackTeamCountry "DEN"]

1. e4 c5 2. Nf3 e6 3. d4 cxd4 4. Nxd4 Nc6 5. Nc3 Qc7 6. Be3 a6 7. Qf3 Nf6 8. O-O-O Bb4 9. Nxc6 bxc6 10. Bd4 e5 11. Qg3 d6 12. Qxg7 Rg8 13. Qxf6 exd4 14. Qxd4 Bc5 15. Qd2 Qa5 16. Kb1 Be6 17. Nd5 Qxd2 18. Nf6+ Kf8 19. Rxd2 Rg6 20. Nh5 Rg4 21. Ng3 Rb8 22. f3 Rh4 23. Ne2 Ba3 24. c3 d5 25. g3 Rh6 26. Nd4 dxe4 27. fxe4 Rb6 28. Bd3 Bd6 29. Rf1 Be5 30. Rdf2 Ke7 31. Nxe6 fxe6 32. Kc2 Kd6 33. Bc4 a5 34. b3 Kc5 35. Rd2 a4 36. Rf7 axb3+ 37. axb3 Rb8 38. Re7 Ra8 39. Rdd7 Rxh2+ 40. Kd3 Rb8 41. b4+ Kb6 42. Ra7 1-0

[Event "Skakligaen 2025-26"]
[Site "Denmark"]
[Date "2025.12.14"]
[Round "4.4"]
[White "Easwaralingam, Adesh"]
[Black "Holinka, Henning"]
[Result "0-1"]
[WhiteElo "2219"]
[BlackElo "2341"]
[EventDate "2025.11.01"]
[EventType "team-tourn"]
[EventRounds "9"]
[EventCountry "DEN"]
[SourceTitle "Holdskaksystemet"]
[WhiteTeam "Fredericia"]
[BlackTeam "Skanderborg"]
[WhiteTeamCountry "DEN"]
[BlackTeamCountry "DEN"]

1. e4 c5 2. Nf3 d6 3. Bb5+ Nd7 4. O-O a6 5. Bd3 Ngf6 6. c3 b5 7. Bc2 Bb7 8. Re1 e6 9. d4 Rc8 10. Qe2 Qc7 11. Bg5 h6 12. Bd2 cxd4 13. Nxd4 Nc5 14. f3 e5 15. Nf5 g6 16. Ng3 Bg7 17. a4 Nxa4 18. Bxa4 bxa4 19. Rxa4 d5 20. exd5 Nxd5 21. Kh1 O-O 22. Ne4 f5 23. Nf2 Rfe8 24. c4 Nf4 25. Qf1 e4 26. fxe4 fxe4 27. Be3 Nd3 28. Nxd3 exd3 29. Rb4 Qd7 30. Nd2 Rf8 31. Qg1 Rce8 32. Rb6 Kh7 33. Nb3 Qc7 34. Na5 Bc8 35. Rd1 Re4 36. c5 Rh4 37. Nc6 Rf5 38. Rb4 Rfh5 39. Rxh4 Rxh4 40. Nd4 Bb7 41. Ne6 Qd7 42. Nxg7 Kxg7 43. Rf1 Qc7 44. Bf2 Rh3 45. Bg3 Qd7 46. Qe3 Rh5 47. Be5+ Kg8 48. Bd6 Rg5 49. Rf2 Bd5 50. Qxd3 Qa4 51. Qe2 Bxg2+ 0-1

[Event "Skakligaen 2025-26"]
[Site "Denmark"]
[Date "2025.12.14"]
[Round "4.5"]
[White "Medhus, Vitus Bondo"]
[Black "Thorsen, Adrian Stenstrop"]
[Result "1-0"]
[WhiteElo "2387"]
[BlackElo "2172"]
[EventDate "2025.11.01"]
[EventType "team-tourn"]
[EventRounds "9"]
[EventCountry "DEN"]
[SourceTitle "Holdskaksystemet"]
[WhiteTeam "Skanderborg"]
[BlackTeam "Fredericia"]
[WhiteTeamCountry "DEN"]
[BlackTeamCountry "DEN"]

1. e4 e5 2. Nf3 Nc6 3. Bb5 a6 4. Ba4 d6 5. O-O Bd7 6. c3 g5 7. d4 g4 8. Ne1 Bh6 9. Na3 Bxc1 10. Rxc1 Qg5 11. d5 Nb8 12. c4 Nf6 13. Bc2 O-O 14. Bb1 Nh5 15. Nec2 Ng7 16. Ne3 f5 17. exf5 Nxf5 18. Bxf5 Bxf5 19. c5 Nd7 20. cxd6 cxd6 21. Nac4 Qg6 22. b4 Bd3 23. Re1 Bxc4 24. Rxc4 h5 25. Nxg4 Nb6 26. Rce4 Rf4 27. Nxe5 dxe5 28. Rxf4 exf4 29. Re6 Qg5 30. Rxb6 f3 31. g3 Qf5 32. Re6 Rd8 33. Re3 Qxd5 34. Re8+ 1-0

[Event "Skakligaen 2025-26"]
[Site "Denmark"]
[Date "2025.12.14"]
[Round "4.6"]
[White "Schwarz, Frank"]
[Black "Boe, Mads"]
[Result "1/2-1/2"]
[WhiteElo "2249"]
[BlackElo "2263"]
[EventDate "2025.11.01"]
[EventType "team-tourn"]
[EventRounds "9"]
[EventCountry "DEN"]
[SourceTitle "Holdskaksystemet"]
[WhiteTeam "Fredericia"]
[BlackTeam "Skanderborg"]
[WhiteTeamCountry "DEN"]
[BlackTeamCountry "DEN"]

1. d4 d5 2. Nf3 Nf6 3. e3 c6 4. Nbd2 Bf5 5. Nh4 Bc8 6. g3 e6 7. Bg2 Be7 8. Nhf3 O-O 9. O-O Nbd7 10. b3 b6 11. Bb2 Bb7 12. Ne5 Nxe5 13. dxe5 Nd7 14. e4 Nc5 15. Qg4 Qc7 16. exd5 cxd5 17. Rfe1 Rad8 1/2-1/2

[Event "Skakligaen 2025-26"]
[Site "Denmark"]
[Date "2025.12.14"]
[Round "4.7"]
[White "Brondt, Nicolai Kvist"]
[Black "Motzkus, Mikkel Vinther"]
[Result "1-0"]
[WhiteElo "2218"]
[BlackElo "2118"]
[EventDate "2025.11.01"]
[EventType "team-tourn"]
[EventRounds "9"]
[EventCountry "DEN"]
[SourceTitle "Holdskaksystemet"]
[WhiteTeam "Skanderborg"]
[BlackTeam "Fredericia"]
[WhiteTeamCountry "DEN"]
[BlackTeamCountry "DEN"]

1. c4 Nf6 2. Nf3 c5 3. g3 b6 4. Bg2 Bb7 5. O-O g6 6. Nc3 Bg7 7. d4 cxd4 8. Qxd4 O-O 9. Qd3 Na6 10. Be3 Nc5 11. Qc2 Rc8 12. Rac1 d6 13. Rfd1 Qc7 14. Nd5 Nxd5 15. cxd5 Qd7 16. Nd4 e5 17. Nc6 Na6 18. Qd2 Ba8 19. b4 f5 20. a3 e4 21. f3 Bxc6 22. dxc6 Rxc6 23. Qd5+ 1-0

[Event "Skakligaen 2025-26"]
[Site "Denmark"]
[Date "2025.12.14"]
[Round "4.8"]
[White "Madsen, Michael Baehring"]
[Black "Zander, Emil"]
[Result "0-1"]
[WhiteElo "2016"]
[BlackElo "2133"]
[EventDate "2025.11.01"]
[EventType "team-tourn"]
[EventRounds "9"]
[EventCountry "DEN"]
[SourceTitle "Holdskaksystemet"]
[WhiteTeam "Fredericia"]
[BlackTeam "Skanderborg"]
[WhiteTeamCountry "DEN"]
[BlackTeamCountry "DEN"]

1. e4 c5 2. d4 cxd4 3. Qxd4 Nc6 4. Qd3 g6 5. Nf3 Bg7 6. Be2 d6 7. h3 Nf6 8. Nc3 Bd7 9. O-O Rc8 10. Bg5 h6 11. Be3 O-O 12. Rad1 a6 13. Qd2 Kh7 14. Nd5 Nxe4 15. Qc1 Be6 16. Nf4 Bf5 17. Nh4 e5 18. Nxf5 exf4 19. Nxg7 fxe3 20. Qxe3 Qe7 21. Rfe1 Nf6 22. Qb3 Qd7 23. Nh5 Nxh5 24. Bxh5 gxh5 25. Rd5 f5 26. Red1 Rf6 27. Qf3 Ne7 28. R5d4 Rg8 29. Qxh5 Qc6 30. g3 f4 31. Qh4 Rg5 0-1

[Event "Skakligaen 2025-26"]
[Site "Denmark"]
[Date "2025.12.14"]
[Round "4.1"]
[White "Liu, Casper Yukun"]
[Black "Hector, Jonny"]
[Result "1/2-1/2"]
[WhiteElo "2352"]
[BlackElo "2418"]
[EventDate "2025.11.01"]
[EventType "team-tourn"]
[EventRounds "9"]
[EventCountry "DEN"]
[SourceTitle "Holdskaksystemet"]
[WhiteTeam "BMS"]
[BlackTeam "Nordkalotten"]
[WhiteTeamCountry "DEN"]
[BlackTeamCountry "DEN"]

1. e4 e5 2. Nf3 Nc6 3. Bb5 a6 4. Ba4 Nf6 5. O-O Be7 6. Re1 d6 7. c3 O-O 8. h3 Nd7 9. d4 Bf6 10. Be3 b5 11. Bc2 Nb6 12. Nbd2 Rb8 13. d5 Ne7 14. b4 c6 15. dxc6 Qc7 16. Bb3 Qxc6 17. Bxb6 Qxb6 18. c4 Bb7 19. Rc1 Rbd8 20. Qe2 bxc4 21. Nxc4 Qxb4 22. Rb1 Qc5 23. Rec1 Qa7 24. Rd1 Nc8 25. Rb2 d5 26. Ncxe5 Rfe8 27. Bxd5 Bxd5 28. Rxd5 Rxd5 29. exd5 Nd6 30. Rb3 Bxe5 31. Nxe5 Qd4 32. Re3 Qxd5 33. Nd7 Ne4 34. Nb6 Qd4 35. Nc4 f5 36. Nd2 Qa1+ 37. Kh2 Qxa2 38. f3 Rd8 39. Nxe4 Qxe2 40. Rxe2 fxe4 41. Rxe4 a5 42. Kg3 Kf7 43. Kf4 Ra8 44. Ra4 Ke6 45. Ke4 Kd6 46. Kd4 h5 47. Kc4 Kc6 48. h4 Kb6 49. Kb3 Re8 50. Rf4 Re2 51. g4 hxg4 52. fxg4 Rh2 53. Rf7 Rxh4 54. Rxg7 Kc5 1/2-1/2

[Event "Skakligaen 2025-26"]
[Site "Denmark"]
[Date "2025.12.14"]
[Round "4.2"]
[White "Brynell, Stellan"]
[Black "Kistrup, Nicolai"]
[Result "0-1"]
[WhiteElo "2368"]
[BlackElo "2365"]
[EventDate "2025.11.01"]
[EventType "team-tourn"]
[EventRounds "9"]
[EventCountry "DEN"]
[SourceTitle "Holdskaksystemet"]
[WhiteTeam "Nordkalotten"]
[BlackTeam "BMS"]
[WhiteTeamCountry "DEN"]
[BlackTeamCountry "DEN"]

1. d4 Nf6 2. Nf3 d5 3. c4 e6 4. Nc3 Bb4 5. cxd5 exd5 6. Bg5 h6 7. Bh4 c5 8. dxc5 Nbd7 9. Rc1 Qa5 10. Nd2 d4 11. Ncb1 Qxa2 12. Qc2 O-O 13. e3 dxe3 14. fxe3 Qe6 15. Bf2 Ng4 16. Qc4 Bxc5 17. Qxe6 fxe6 18. Nf3 b6 19. Bb5 Nxf2 20. Kxf2 Nf6 21. Nbd2 Bb7 22. h3 Rad8 23. Rhd1 Rxd2+ 24. Rxd2 Ne4+ 25. Ke2 Nxd2 26. Nxd2 Bxg2 27. h4 Bd5 28. e4 Bb7 29. Bc4 Rf2+ 30. Kd3 Kf7 31. e5 Rf4 32. h5 Rf5 33. Rf1 Rxf1 34. Nxf1 Bf3 35. Ng3 Ke7 36. Kc3 Be3 37. Be2 Bd5 38. Bc4 Bxc4 39. Kxc4 Bf4 40. Ne4 Bxe5 0-1

[Event "Skakligaen 2025-26"]
[Site "Denmark"]
[Date "2025.12.14"]
[Round "4.3"]
[White "Hansen, Jacob Ost"]
[Black "Sylvan, Jacob"]
[Result "1-0"]
[WhiteElo "2343"]
[BlackElo "2306"]
[EventDate "2025.11.01"]
[EventType "team-tourn"]
[EventRounds "9"]
[EventCountry "DEN"]
[SourceTitle "Holdskaksystemet"]
[WhiteTeam "BMS"]
[BlackTeam "Nordkalotten"]
[WhiteTeamCountry "DEN"]
[BlackTeamCountry "DEN"]

1. g3 d5 2. Nf3 Nf6 3. Bg2 c5 4. O-O Nc6 5. d3 e5 6. Nbd2 Be7 7. e4 O-O 8. c3 d4 9. Nc4 Qc7 10. Bd2 b5 11. Na3 Qb6 12. c4 b4 13. Nb1 Ne8 14. Ne1 f5 15. exf5 Bxf5 16. Bc1 Nd6 17. Qe2 Rae8 18. Nd2 Bg5 19. Ne4 Nxe4 20. dxe4 Bxc1 21. exf5 Bg5 22. Be4 Ne7 23. Nd3 Nxf5 24. Qg4 Qg6 25. Nxc5 Re7 26. h4 Bh6 27. Qxg6 hxg6 28. Rae1 Kh7 29. Nd3 Nd6 30. Bd5 e4 31. c5 Nf5 32. Rxe4 Rc7 33. Kg2 a5 34. Rh1 Be3 35. g4 Ne7 36. Be6 1-0

[Event "Skakligaen 2025-26"]
[Site "Denmark"]
[Date "2025.12.14"]
[Round "4.4"]
[White "Kristensen, Kaare Hove"]
[Black "Jalving, August"]
[Result "0-1"]
[WhiteElo "2276"]
[BlackElo "2231"]
[EventDate "2025.11.01"]
[EventType "team-tourn"]
[EventRounds "9"]
[EventCountry "DEN"]
[SourceTitle "Holdskaksystemet"]
[WhiteTeam "Nordkalotten"]
[BlackTeam "BMS"]
[WhiteTeamCountry "DEN"]
[BlackTeamCountry "DEN"]

1. Nf3 Nf6 2. c4 e6 3. Nc3 d5 4. d4 Be7 5. Bg5 h6 6. Bxf6 Bxf6 7. e3 O-O 8. Qd2 a5 9. Bd3 dxc4 10. Bxc4 Nd7 11. O-O-O c5 12. Ne4 cxd4 13. Nxf6+ Nxf6 14. Qxd4 Qc7 15. Kb1 a4 16. Rc1 Qa5 17. Qe5 Bd7 18. Qxa5 Rxa5 19. Rhd1 Bc6 20. Bf1 Ng4 21. Rd2 Rd5 22. Rxd5 Bxd5 23. Bb5 a3 24. bxa3 Nxf2 25. Kb2 Rd8 26. a4 g5 27. Ka3 Ng4 28. Rc3 Bxf3 29. gxf3 Nxh2 30. e4 h5 31. a5 h4 32. Kb4 h3 33. Kc5 Rc8+ 34. Kb4 Rxc3 35. Kxc3 Nxf3 36. Bf1 g4 0-1

[Event "Skakligaen 2025-26"]
[Site "Denmark"]
[Date "2025.12.14"]
[Round "4.5"]
[White "Vesterli, Michael E"]
[Black "Hove, Esben Kjems"]
[Result "1-0"]
[WhiteElo "2214"]
[BlackElo "2256"]
[EventDate "2025.11.01"]
[EventType "team-tourn"]
[EventRounds "9"]
[EventCountry "DEN"]
[SourceTitle "Holdskaksystemet"]
[WhiteTeam "BMS"]
[BlackTeam "Nordkalotten"]
[WhiteTeamCountry "DEN"]
[BlackTeamCountry "DEN"]

1. d4 d5 2. c4 c6 3. Nf3 Nf6 4. Nc3 dxc4 5. a4 Bf5 6. Ne5 Nbd7 7. Nxc4 Qc7 8. g3 e5 9. dxe5 Nxe5 10. Bf4 Nfd7 11. Bg2 g5 12. Ne3 gxf4 13. Nxf5 O-O-O 14. Qc2 a5 15. gxf4 Ng6 16. e3 Bb4 17. O-O Nc5 18. Rfd1 Kb8 19. Na2 Qb6 20. Rac1 Ne6 21. Qc4 Bc5 22. Kh1 Qxb2 23. Rf1 Qb6 24. Rb1 Qc7 25. Qa6 Kc8 26. Qa8+ Qb8 27. Qxa5 Qa7 28. Qc3 Qxa4 29. Qb2 Qa7 30. Nc3 Rd7 31. Ne4 Rhd8 32. Ra1 Qb6 33. Qc2 Bb4 34. Rfb1 c5 35. Qc4 Kb8 36. Nf6 Rd2 37. Nd5 R8xd5 38. Bxd5 Rxf2 39. Nh6 Nc7 40. Nxf7 Ne7 41. Ne5 Qd6 42. Be4 Rd2 43. Qf7 Ncd5 44. Nc4 1-0

[Event "Skakligaen 2025-26"]
[Site "Denmark"]
[Date "2025.12.14"]
[Round "4.6"]
[White "Ejsing, Esben"]
[Black "Wahlgreen, Noah Krug"]
[Result "0-1"]
[WhiteElo "2147"]
[BlackElo "2110"]
[EventDate "2025.11.01"]
[EventType "team-tourn"]
[EventRounds "9"]
[EventCountry "DEN"]
[SourceTitle "Holdskaksystemet"]
[WhiteTeam "Nordkalotten"]
[BlackTeam "BMS"]
[WhiteTeamCountry "DEN"]
[BlackTeamCountry "DEN"]

1. Nf3 d5 2. b3 Nf6 3. Bb2 Bg4 4. e3 e6 5. h3 Bh5 6. c4 Nbd7 7. Be2 h6 8. O-O Bd6 9. cxd5 exd5 10. Nd4 Bg6 11. f4 c6 12. Nc3 O-O 13. Qe1 Re8 14. f5 Bh7 15. g4 c5 16. Nc2 a6 17. Qf2 Ne5 18. Qg2 d4 19. Nxd4 cxd4 20. exd4 Nc6 21. Na4 Bc7 22. Bf3 Nxd4 23. Bxb7 Ne2+ 24. Kh1 Ng3+ 25. Kg1 Nxf1 26. Bxa8 Bh2+ 27. Kh1 Re2 28. Rxf1 Rxg2 29. Bxg2 Bc7 30. Rc1 Qxd2 31. Ba3 Qf4 32. Kg1 Ne4 33. Bxe4 Qe3+ 34. Kf1 Qxe4 35. Nc5 Qf3+ 36. Kg1 Qg3+ 37. Kf1 Qxh3+ 0-1

[Event "Skakligaen 2025-26"]
[Site "Denmark"]
[Date "2025.12.14"]
[Round "4.7"]
[White "Iskos, Lukas"]
[Black "Jakobsen, Peter"]
[Result "1/2-1/2"]
[WhiteElo "2152"]
[BlackElo "2171"]
[EventDate "2025.11.01"]
[EventType "team-tourn"]
[EventRounds "9"]
[EventCountry "DEN"]
[SourceTitle "Holdskaksystemet"]
[WhiteTeam "BMS"]
[BlackTeam "Nordkalotten"]
[WhiteTeamCountry "DEN"]
[BlackTeamCountry "DEN"]

1. d4 Nf6 2. Nf3 e6 3. Bf4 c5 4. e3 cxd4 5. exd4 b6 6. Nbd2 Be7 7. Bd3 Ba6 8. Qe2 Bxd3 9. Qxd3 O-O 10. O-O d6 11. Rfe1 Nbd7 12. Ne4 Nxe4 13. Qxe4 Nf6 14. Qd3 Qc7 15. Re2 b5 16. Rae1 Qb7 17. Ng5 h6 18. Ne4 Rad8 19. Nxf6+ Bxf6 20. Qg3 Kh8 21. Bxd6 Rfe8 22. c3 a5 23. Be5 Bxe5 24. Rxe5 a4 25. a3 Rd5 26. Qf4 Rxe5 27. Rxe5 Rd8 28. Rc5 Rf8 29. h3 Kg8 30. Qe5 Rb8 31. Qd6 Rf8 32. Rc6 Rc8 33. d5 exd5 34. Rb6 Qa8 35. Rxb5 Rd8 36. Qc7 Rf8 37. Qb6 Re8 38. Kh2 Rd8 39. Ra5 Qb8+ 40. Qxb8 Rxb8 41. Rxd5 Rxb2 42. Rd8+ Kh7 43. Rd4 Rb3 44. Rxa4 Rxc3 45. Ra8 h5 46. a4 h4 47. Kg1 Rc1+ 48. Kh2 Rf1 49. f3 Ra1 50. a5 g5 51. Ra7 Kg7 52. Ra6 Kg8 53. Ra7 Kg7 54. Ra6 1/2-1/2

[Event "Skakligaen 2025-26"]
[Site "Denmark"]
[Date "2025.12.14"]
[Round "4.8"]
[White "Nielsen, Lars Aaes"]
[Black "Haubro, Sigfred"]
[Result "1-0"]
[WhiteElo "2173"]
[BlackElo "2122"]
[EventDate "2025.11.01"]
[EventType "team-tourn"]
[EventRounds "9"]
[EventCountry "DEN"]
[SourceTitle "Holdskaksystemet"]
[WhiteTeam "Nordkalotten"]
[BlackTeam "BMS"]
[WhiteTeamCountry "DEN"]
[BlackTeamCountry "DEN"]

1. e4 d5 2. d3 dxe4 3. dxe4 Qxd1+ 4. Kxd1 Nc6 5. c3 Nf6 6. f3 e5 7. Be3 Be7 8. Nd2 a6 9. Kc2 Be6 10. Nb3 Nd7 11. Ne2 f6 12. Nec1 O-O 13. Nd3 b6 14. Be2 Ncb8 15. Nd2 c5 16. a4 Nc6 17. Nc1 Rfc8 18. Bc4 Kf7 19. Rd1 Na5 20. Bd5 Rab8 21. b3 Rc7 22. Nc4 Nxc4 23. bxc4 g6 24. a5 Bxd5 25. exd5 Bd6 26. Nb3 b5 27. cxb5 axb5 28. c4 b4 29. a6 Ra8 30. Ra5 f5 31. Rda1 Nb6 32. Nd2 Nd7 33. h3 Rca7 34. Nb3 Rc7 35. Rb5 Raa7 36. Raa5 f4 37. Bxc5 Bxc5 38. Nxc5 Nxc5 39. Rxc5 Rxc5 40. Rxc5 Rxa6 41. Rc7+ Kf6 42. Kb3 e4 43. fxe4 Ke5 44. Re7+ Kd4 45. e5 Ra1 46. d6 Rd1 47. e6 Kc5 48. Rc7+ Kb6 49. e7 Rxd6 50. e8=Q 1-0

[Event "Skakligaen 2025-26"]
[Site "Denmark"]
[Date "2025.12.14"]
[Round "4.1"]
[White "Ochsner, Bjorn Moller"]
[Black "Ramsdal, Jens Albert"]
[Result "1-0"]
[WhiteElo "2458"]
[BlackElo "2317"]
[EventDate "2025.11.01"]
[EventType "team-tourn"]
[EventRounds "9"]
[EventCountry "DEN"]
[SourceTitle "Holdskaksystemet"]
[WhiteTeam "Aarhus/Skolerne"]
[BlackTeam "SK1968"]
[WhiteTeamCountry "DEN"]
[BlackTeamCountry "DEN"]

1. e4 c5 2. Nf3 d6 3. d4 cxd4 4. Nxd4 Nf6 5. Nc3 Nc6 6. f3 e5 7. Nb3 Be6 8. Nd5 Bxd5 9. exd5 Ne7 10. Bg5 Nd7 11. Qd2 Qc7 12. O-O-O Rc8 13. Kb1 h6 14. Be3 a6 15. c4 b6 16. f4 Ng6 17. g3 Be7 18. Bd3 Bf6 19. h4 Ne7 20. g4 exf4 21. Bxf4 Be5 22. g5 Bxf4 23. Qxf4 Ne5 24. Nd4 Qd7 25. Nf5 N7g6 26. Nxg7+ Kd8 27. Bxg6 Nxg6 28. Qf6+ Qe7 29. Qxe7+ Nxe7 30. Rhf1 hxg5 31. hxg5 Rxc4 32. Rxf7 Re4 33. Rf6 Kd7 34. Re6 Rhh4 35. g6 Ref4 36. Rde1 Nxd5 37. Ne8 Kc6 38. Rxd6+ Kc5 39. g7 Rhg4 40. Rc1+ Rc4 41. Rxc4+ Kxc4 42. Rxd5 1-0